25 plus grandes villes du Royaume-Uni (avec une carte) - Statistiques

Statistiques générales
  • Ce quiz a été pris 95 fois
  • Le résultat moyen est 15 sur 25
Réponses sur la Carte
Les réponses sont colorées sur une échelle allant du rouge au vert en fonction du pourcentage des utilisateurs qui les ont devinées à leur premier essai. Vous pouvez retrouver ces pourcentages ci-dessous.
 
Statistiques - réponses
Pays Ville Population % Correct
Écosse Édimbourg 510 mille
99%
Angleterre Londres 8,7 million
99%
Angleterre Manchester 470 mille
96%
Angleterre Birmingham 1,1 million
95%
Angleterre Liverpool 510 mille
95%
Écosse Glasgow 630 mille
94%
Pays de Galles Cardiff 350 mille
90%
Irlande du Nord Belfast 450 mille
88%
Angleterre Leeds 530 mille
83%
Angleterre Newcastle upon Tyne 285 mille
75%
Angleterre Southampton 250 mille
66%
Angleterre Bristol 420 mille
65%
Angleterre Brighton and Hove 275 mille
63%
Angleterre Leicester 410 mille
58%
Angleterre Plymouth 265 mille
55%
Angleterre Nottingham 300 mille
54%
Angleterre Sheffield 500 mille
52%
Angleterre Coventry 340 mille
40%
Angleterre Derby 275 mille
35%
Angleterre Northampton 245 mille
27%
Angleterre Wolverhampton 235 mille
24%
Angleterre Bradford 330 mille
20%
Angleterre Luton 235 mille
18%
Angleterre Stoke-on-Trent 260 mille
18%
Angleterre Kingston upon Hull 270 mille
16%
Aucun quiz correspondant
Distribution des résultats
% des personnes avec chaque résultat
Percentile par nombre de réponses
Votre historique - résultats
Vous n’avez pas pris ce quiz